Statistics for Every 90+ Rated Gold Player on EA Sports FIFA 20 Ultimate Team

Click here to take the quiz!

General Stats

  • This quiz has been taken 60 times
  • The average score is 9 of 10

Answer Stats

FIFAPlayerClubPositionRating% Correct
FIFA 20Cristiano RonaldoST93
100%
FIFA 20Lionel MessiRW94
100%
FIFA 20Neymar JúniorLW92
100%
FIFA 20Marc-André ter StegenGK90
91%
FIFA 20Kevin De BruyneCAM91
89%
FIFA 20Jan OblakGK91
84%
FIFA 20Luka ModrićCM90
84%
FIFA 20Mohamed SalahRW90
82%
FIFA 20Virgil van DijkCB90
82%
FIFA 20Eden HazardLW91
70%

Score Distribution

Percentile by Number Answered

Percent of People with Each Score

Your Score History

You have not taken this quiz